| 000 | 00943nam a2200217 a 4500 | ||
|---|---|---|---|
| 008 | 081118s2008 ||||||||||||||||| || u | ||
| 020 | _a9780855986032 | ||
| 050 | _aRA 644.A25 Hiv | ||
| 100 | _aWelbourn, Alice and Hoare, Joanna, eds | ||
| 245 | 1 | 0 |
_aHIV and AIDS _cedited by Alice Welbourn and Joanna Hoare |
| 260 |
_aOxford: _bOxfam GB _c2008 |
||
| 300 | _axxvi, 208 pages : illustrations | ||
| 350 | _a0.00 | ||
| 650 | _aUROLOGIC DISEASES | ||
| 650 | _aAIDS (DISEASE) | ||
| 650 | _aHIV/AIDS AND GENDER--GLOBAL | ||
| 650 | _aHIV INFECTIONS | ||
| 650 | _aAIDS (DISEASES) IN WOMEN | ||
| 995 |
_aMAIN LIBRARY OPEN ACCESS _D0.00 _e739241 _FCBU-MAIN LIBRARY (Kitwe) _H1 _I0.00 _jRA 644.A25 HIV _M2 _UAVAILABLE _WMar 17, 2009 _y739241 _ZMain Library Open Access Collection |
||
| 995 |
_aANNEX COLLECTION (Main Library) _D0.00 _e739240 _FCBU-MAIN LIBRARY (Kitwe) _H1 _I0.00 _jRA 644.A25 HIV _M1 _UAVAILABLE _WMar 17, 2009 _y739240 _ZAnnex Low-Usage Collection |
||
| 999 |
_c76323 _d76323 |
||